Womens USA Ultimate D3 Championship Appearances - Statistics

General Stats
  • This quiz has been taken 4 times
  • The average score is 32 of 65
Answer Stats
School Nationals appearances Year of First Appearance Highest Finish % Correct
Carleton College Eclipse 11 2011 National champion 2011, 2016, 2017
75%
Claremont 8 2011 National champion 2012
75%
Colorado College 1 2023 T5
75%
Haverford 6 2011 T3
75%
Lewis and Clark 2 2019 T9
75%
Mary Washington 5 2011 T11
75%
Middlebury 4 2019 National Champion 2021, 2022, 2023
75%
Oberlin 6 2010 National Champion 2019
75%
Occidental 5 2011 T5
75%
Ohio Wesleyan 1 2010 11th
75%
Portland 5 2017 Runner up 2021
75%
Puget Sound 6 2015 T3
75%
Rice 6 2014 National champions 2014, 2015
75%
Richmond 1 2021 13th
75%
St. Olaf 10 2011 National champion 2018
75%
Wellesley 4 2010 Runner up 2022
75%
Wesleyan 5 2016 Runner up 2017
75%
Whitman 1 2023 10th
75%
Williams 9 2011 Runner up 2011, 2013
75%
Amherst 2 2016 T11
50%
Bates 4 2016 Runner up 2018, 2019
50%
Berry 1 2022 11th
50%
Catholic 3 2017 T9
50%
Elon 4 2012 T11
50%
Georgia College 7 2010 T5
50%
Kenyon 1 2021 15th
50%
Knox 2 2022 16th
50%
Lehigh 6 2012 T3
50%
Luther 2 2015 T15
50%
Macalester 1 2011 13th
50%
Michigan Tech 2 2021 5th
50%
Mt. Holyoke 6 2016 T5
50%
Pacific Lutheran 3 2010 National Champion 2010
50%
Princeton 2 2011 T9
50%
Rochester 1 2021 11th
50%
Smith 1 2011 T3
50%
St. Mary's (Maryland) 1 2011 16th
50%
Swarthmore 2 2010 Runner up 2010
50%
Union 2 2021 7th
50%
Valparaiso 8 2010 T3
50%
Wake Forest 2 2014 T3
50%
Wheaton 1 2021 16th
50%
Bentley 2 2010 12th
25%
Bowdoin 5 2012 National champion 2013
25%
Brandeis 1 2021 10th
25%
Bucknell 1 2010 DNF
25%
Franklin and Marshall 1 2011 14th
25%
Grinnell 5 2010 Runner up 2012
25%
Hamilton 2 2014 T13
25%
Harding 1 2014 T9
25%
Hendrix 1 2012 T15
25%
John Brown 1 2010 10th
25%
North Georgia 1 2019 T11
25%
North Park 2 2018 T3
25%
Philadelphia 1 2013 T5
25%
Rensselaer Polytech 1 2018 T5
25%
Skidmore 1 2022 9th
25%
St. Benedict 3 2013 T9
25%
Stonehill 2 2010 T7
25%
SUNY- Geneseo 1 2022 12th
25%
SUNY- Oneonta 1 2013 T11
25%
Truman State 9 2010 T5
25%
Vassar 1 2021 8th
25%
Willamette 1 2012 T13
25%
Wooster 1 2014 T15
25%
No matching quizzes found
Score Distribution
Percent of People with Each Score
Percentile by Number Answered
Your Score History
You have not taken this quiz